00463 2200193 4500001002100000005001500021035002000036245004100056100001700097250000600114856004500120260003600165082000800201084001400209600001000223990001200233990001200245990001200257INLIS00000000000174020250505112305 a0010-05250000321 aRobert Anak Surapati /cAbdoel Moeis0 aAbdoel Moeis a1 aRuang Baca Umum No Klas 800 ( Rak 3,4,5) aJakarta :bBalai Pustaka,c2000 a813 a813 ABD r 4aFiksi a00.0148 a00.0149 a00.0150